Statystyki dla ZKM Gdynia - 103

Kliknij tutaj aby rozwiązać quiz!

Ogólne statystyki

  • Ten quiz został rozwiązany 3 razy
  • Średni wynik to 16 z 28

Statystyki odpowiedzi

Odpowiedź% Poprawnych
Chwarzno Sokółka
100%
Obłuże Maciejewicza
100%
Bosmańska - Nasypowa
67%
Bosmańska - Zielona
67%
Cechowa
67%
Dąbka - Zespół Szkół
67%
Dąbka - Zielona
67%
Energetyków
67%
Janka Wiśniewskiego
67%
Obłuże Centrum
67%
Rolnicza
67%
Sokoła
67%
Stare Obłuże
67%
Turkusowa
67%
Węzeł Franciszki Cegielskiej
67%
Węzeł Ofiar Grudnia '70
67%
Witomino Centrum
67%
3 Maja
33%
Amona
33%
Chwarzno Apollina
33%
Gdynia Dworzec Gł. PKP - Hala
33%
I Urząd Skarbowy
33%
Jowisza* / Tezeusza
33%
Okrężna I
33%
Okrężna II
33%
Śląska
33%
Uczniowska
33%
Witomino Sosnowa
33%

Rozkład punktacji

Percentyl według liczby udzielonych odpowiedzi

Procent ludzi z każdym wynikiem

Twoja historia wyników

Nie rozwiązałeś tego quizu